Statistics for Poorest States Adjusted to Cost of Living

Click here to take the quiz!

General Stats

  • This quiz has been taken 49 times
  • The average score is 6 of 8

Answers on the Map

Answers color-coded by a green-red scale on the quiz's map according to % correct below.
 

Answer Stats

HintAnswer% Correct
46kMississippi
95%
49kWest Virginia
89%
48kNew Mexico
86%
50kKentucky
81%
50kSouth Carolina
78%
48kHawaii
73%
48kArizona
54%
50kIdaho
54%

Score Distribution

Percentile by Number Answered

Percent of People with Each Score

Your Score History

You have not taken this quiz